00453nam a2200181Ia 4500008004100000020001800041050001400059100001700073245003000090245005200120260001500172260001600187260000900203300001400212300002700226300001000253500000800263170918s9999 xx 000 0 und d a9780439686167 bP412 2004 aPenn, Audrey 2aA pocket full of kisses / cAudrey Penn ; illustrated by Barbara L. Gibson. aNew York : bScholastic, c2004 aunpaged : bcolored illustration ; c27cm. a830